=LDR 00000nam 2200000 4500 =001 INLIS000000000003812 =005 20130612092121 =008 ***********************************Ind** =035 ##$$0010-061300000003812 =041 ##$$a Ind =082 ##$$a 615.4 =090 ##$$a 615.4, Muk f =100 ##$$a Mukhtar =245 ##$$a Farmasi fisika, bagian larutan dan sistem dispersi, Drs.Moechtar, Apt =260 ##$$a 1989 $b Yogyakarta =300 ##$$a xi, 209 hlm., ilus., 21 cm =650 ##$$a Farmasi =850 ##$$a NBPNMAT =990 ##$$a 0001/BPAP-NTB/2015 =990 ##$$a 01930193 =990 ##$$a 00093133 =990 ##$$a DW99000142 =990 ##$$a DW99000143 =990 ##$$a 0001/BPAP-NTB/2015 =990 ##$$a 01201900193